Railway accidents; (Record no. 68040)
[ view plain ]
| 000 -LEADER | |
|---|---|
| fixed length control field | 00999cam a22002411 4500 |
| 001 - CONTROL NUMBER | |
| control field | sa 66001875 |
| 003 - CONTROL NUMBER IDENTIFIER | |
| control field | DLC |
| 005 - DATE AND TIME OF LATEST TRANSACTION | |
| control field | 20260227112225.0 |
| 008 - FIXED-LENGTH DATA ELEMENTS--GENERAL INFORMATION | |
| fixed length control field | 861103s1964 ii 000 0 eng |
| 010 ## - LIBRARY OF CONGRESS CONTROL NUMBER | |
| LC control number | sa 66001875 |
| 025 ## - OVERSEAS ACQUISITION NUMBER | |
| Overseas acquisition number | PL480:I-E-4157 |
| 035 ## - SYSTEM CONTROL NUMBER | |
| System control number | (OCoLC)14628492 |
| 040 ## - CATALOGING SOURCE | |
| Original cataloging agency | DLC |
| Transcribing agency | WaU |
| Modifying agency | DLC |
| 042 ## - AUTHENTICATION CODE | |
| Authentication code | premarc |
| 050 00 - LIBRARY OF CONGRESS CALL NUMBER | |
| Classification number | HE1783.I4 |
| Item number | A492 |
| 110 1# - MAIN ENTRY--CORPORATE NAME | |
| Corporate name or jurisdiction name as entry element | India (Republic). |
| Subordinate unit | Railway Inspectorate. |
| 245 10 - TITLE STATEMENT | |
| Title | Railway accidents; |
| Remainder of title | report on following collision between no. B. 12 up and no. M. 22 up local suburban trains between Wadala and Sewri stations on the Harbour Branch electrified section of the Central Railway on the 2nd June 1957. |
| 260 ## - PUBLICATION, DISTRIBUTION, ETC. | |
| Place of publication, distribution, etc. | [Delhi, |
| Date of publication, distribution, etc. | 1964] |
| 300 ## - PHYSICAL DESCRIPTION | |
| Extent | 16 p. |
| Dimensions | 34 cm. |
| 500 ## - GENERAL NOTE | |
| General note | Cover title. |
| 650 #0 - SUBJECT ADDED ENTRY--TOPICAL TERM | |
| Topical term or geographic name entry element | Railroad accidents |
| Geographic subdivision | India. |
| 740 0# - ADDED ENTRY--UNCONTROLLED RELATED/ANALYTICAL TITLE | |
| Uncontrolled related/analytical title | Report on following collision between no. B. 12 up and no. M. 22 up local suburban trains between Wadala and Sewri stations on the Harbour Branch electrified section of the Central Railway. |
No items available.